000 00744nam a22002057a 4500
999 _c12007
_d12007
003 AR-CdUCM
008 190405b ||||| |||| 00| 0 spa d
040 _aMUNICIPALIDAD PROVINCIAL DEL CUSCO
_cBIBLIOTECA MUNICIPAL DEL CUSCO
082 _a341 /
_bC28 / 1948
100 _aCarnelutti, Francesco
_95136
245 _aArte del derecho :
_b(Seis meditaciones sobre el derecho)
260 _aBuenos Aires :
_bEdiciones jurídicas Europa - América,
_c1948.
300 _a108 páginas ;
_c23 cm.
505 _aContenido: ¿Que es el derecho? -- ¿Que es la ley? -- ¿Que es el hecho? -- ¿Que es el juicio?...
650 _aDerecho
_9739
650 _aJuicio
_915781
650 _aLey
_97887
942 _2ddc
_cLIBROS
945 _adavv
_d05/04/2019